Statistics for All NCAA D1 Wrestling Programs

Click here to take the quiz!

General Stats

  • This quiz has been taken 711 times
    (263 since last reset)
  • The average score is 36 of 80

Answer Stats

ConfAnswer% Correct
Women'sIowa
93%
BIG10Iowa
93%
EIWAUPenn
93%
BIG10Penn St
88%
BIG10Michigan
86%
MACOhio
84%
BIG10Ohio St
82%
BIG12Iowa St
79%
BIG10Rutgers
76%
BIG10Michigan St
75%
BIG12Oklahoma
75%
BIG10Minnesota
74%
ACCNorth Carolina
74%
BIG10Wisconsin
73%
BIG12Oklahoma St
72%
EIWACornell
70%
BIG10Nebraska
70%
PAC12Arizona St
69%
BIG10Indiana
69%
BIG10Purdue
69%
BIG10Northwestern
68%
BIG10Illinois
67%
ACCVirginia
65%
BIG10Maryland
64%
ACCNorth Carolina St
64%
EIWAHarvard
63%
ACCVirginia Tech
63%
PAC12Stanford
62%
ACCPittsburgh
58%
EIWAPrinceton
58%
PAC12Oregon St
57%
ACCDuke
56%
EIWAArmy
53%
EIWANavy
53%
BIG12Missouri
52%
BIG12Air Force
50%
BIG12South Dakota St
50%
BIG12North Dakota St
48%
EIWABrown
47%
BIG12West Virginia
47%
BIG12Wyoming
44%
EIWAColombia
42%
BIG12Northern Iowa
37%
MACBuffalo
35%
SoConAppalachian St
34%
EIWALehigh
34%
MACKent St
29%
MACCentral Michigan
28%
PAC12Cal Poly
27%
EIWAAmerican
26%
EIWABucknell
26%
SoConThe Citadel
26%
MACNorthern Illinois
25%
SoConCampbell
23%
SoConVirginia Military Institute
22%
EIWADrexel
21%
MACGeorge Mason
20%
MACLock Haven
20%
PAC12Little Rock
19%
EIWALIU
19%
BIG12Northern Colorado
19%
SoConChattanooga
18%
MACCleveland St
18%
Women'sSacred Heart
18%
EIWASacred Heart
18%
EIWABinghamton
17%
MACClarion
17%
SoConDavidson
17%
SoConGardner-Webb
17%
BIG12Utah Valley
17%
SoConBellarmine
16%
SoConPresbyterian
14%
MACRider
14%
EIWAHofstra
13%
BIG12Cal Baptist
12%
MACEdinboro
12%
MACBloomsburg
9%
PAC12Cal St Bakersfield
8%
MACSIU Edwardsville
8%
EIWAFranklin & Marshall
7%

Score Distribution

Percentile by Number Answered

Percent of People with Each Score

Your Score History

You have not taken this quiz since the last reset